1613 1409 1836 1957 1822 1759 1856 1740 1834 1493 1641 1979 1028 1393 1507 1777 1946 1711 1133 1935 1350 1038 1846 1936 1161 1325 1685 1063 1141 1214 1740 1768 1176 1467 1147 1265 1094 1704 1081 1620 1066 1046 1249 1465 1565 1038 1670 1990 1286 1156 1858 1931 1726 1892 1273 1050 1458 1091 1205 1098 1236 1074 1945 1752 1520 1663 1331 1328 1228 1863 1733 1842 1009 1899 1491 1985 1134 1632 1121 1309 1293 1018 1566 1680 1567 1296 1455 1492 1071 1679 1388 1289 1722 1601 1305 1485 1882 1221 1850 BCNSPRNW ULIB Ver.6.0+V

เปลี่ยนเป็นภาษาไทย

Change to English
 แสดงรายละเอียดบรรณานุกรม
  กลับหน้าหลัก

Brief Record : Get Marc (ISO 2709) : E-mail record : QR code < ปิดหน้าต่าง
LEADER : 00000nam 2200000uu 4500
001    13399121652
003     ULIB
008    121128s2551||||th 000 0 tha d
020    ^a9789740437710
060 04 ^aWS200^bด764N
245 00 ^aNew trend in pediatric practice 2008 /^cบรรณาธิการ, ดุสิตสถาวร, ชิษณุ พันธุ์เจริญ, อุษา ทิสยากร
250    ^aพิมพ์ครั้งที่ 1
260    ^aกรุงเทพฯ :^bราชวิทยาลัยกุมารแพทย์แห่งประเทศไทยสมาคมกุมารแพทย์แห่งประเทศไทย,^c2551
300    ^axii, 284 หน้า :^bภาพประกอบ ;^c27 ซม.
500    ^a"หนังสือคู่มือการอบรมระยะสั้นประจำปี 2551"
650  7 ^aกุมารเวชศาสตร์
650  7 ^aโรค^xในวัยทารกและวัยเด็ก
700 0  ^aดุสิต สถาวร,^eบรรณาธิการ
700 0  ^aชิษณุ พันธุ์เจริญ,^eบรรณาธิการ
700 0  ^aอุษา ทิสยากร,^eบรรณาธิการ
710 2  ^aราชวิทยาลัยกุมารแพทย์แห่งประเทศไทย
710 2  ^aสมาคมกุมารแพทย์แห่งประเทศไทย
945    ^p320^l0^i15064
945    ^p320^l0^i15107
945    ^p320^l0^i15558
995    ^aวิภา
999 ^a ใช้งานได้ทุกระบบ
รายการนี้ยังไม่มีแท็ก
คุณยังไม่ได้ล็อกอิน คุณสามารถมีกิจกรรมร่วมกับเว็บไซต์ได้ แต่ต้องล็อกอินก่อน ::
  ล็อกอิน

รายการสื่อสารสนเทศ

ลำดับที่ ประเภท เลขเรียก/บาร์โค้ด สถานที่ สถานะ
1. วิทยาศาสตร์การแพทย์ และสุขภาพ
วิทยาศาสตร์การแพทย์ และสุขภาพ
WS200 ด764N  
  Barcode: 15064
ห้องสมุดวิทยาเขตสวรรค์ประชารักษ์
►ส่วนจัดเก็บหนังสือเก่า สปร
บนชั้น
  ขอยืม
2. วิทยาศาสตร์การแพทย์ และสุขภาพ
วิทยาศาสตร์การแพทย์ และสุขภาพ
WS200 ด764N ฉ.2 
  Barcode: 15107
ห้องสมุดวิทยาเขตสวรรค์ประชารักษ์
►ส่วนจัดเก็บหนังสือเก่า สปร
บนชั้น
  ขอยืม
3. วิทยาศาสตร์การแพทย์ และสุขภาพ
วิทยาศาสตร์การแพทย์ และสุขภาพ
WS200 ด764N ฉ.3 
  Barcode: 15558
ห้องสมุดวิทยาเขตสวรรค์ประชารักษ์
►ส่วนจัดเก็บหนังสือเก่า สปร
บนชั้น
  ขอยืม

รายการใกล้เคียง
    หัวเรื่อง [กุมารเวชศาสตร์]
    หัวเรื่อง [โรค ในวัยทารกและวัยเด็ก]

BibComment


ยังไม่เคยถูกคอมเมนท์

คอมเมนท์ทรัพยากรรายการนี้
  คอมเมนท์: New trend in ped..


 Copyright 2026. Bcnsprnw @Library